Udržateľnosť penzijného systému v rukách politikov

Potreba parametrických zmien v priebežnom aj kapitalizačnom dôchodkovom systéme. Parametrické zmeny v prvom pilieri. Výnosnosť druhého piliera s otáznikmi.

Guardado en:
Detalles Bibliográficos
Autor principal: Hölcz, Róbert
Formato: Capítulo de libro
Lenguaje:eslovaco
Materias:
Etiquetas: Agregar Etiqueta
Sin Etiquetas, Sea el primero en etiquetar este registro!

MARC

LEADER 00000naa$a2200000$$$4500
001 0091588
005 20231006123401.6
041 0 |a slo 
044 |a SK 
245 1 0 |a Udržateľnosť penzijného systému v rukách politikov  |c Róbert Hölcz 
520 |a Potreba parametrických zmien v priebežnom aj kapitalizačnom dôchodkovom systéme. Parametrické zmeny v prvom pilieri. Výnosnosť druhého piliera s otáznikmi. 
610 2 0 |a systémy dôchodkové 
610 2 0 |a spoločnosti správcovské 
610 2 0 |a investovanie 
610 2 0 |a dôchodcovia 
100 1 |a Hölcz, Róbert